000
00330nam a22001457a 4500
020
_a
978-81-286-3238-9
082
_a
823
_b
DIS/F
100
_a
DISNEY
245
_a
FAMILY STORY COLLECTION
260
_a
MUMBAI
_b
EURO BOOKS
300
_a
32
520
_a
ENGLISH SHORT STORY
650
_a
ENGLISH SHORT STORY
_z
MUMBAI
942
_c
BK
999
_c
5400
_d
5400